| 000 -LEADER |
| fixed length control field |
00476cam a22001337a 4500 |
| 008 - FIXED-LENGTH DATA ELEMENTS--GENERAL INFORMATION |
| fixed length control field |
180718b1965 xxu||||| |||| 00| 0 eng d |
| 082 ## - DEWEY DECIMAL CLASSIFICATION NUMBER |
| Classification number |
T441x73 T482 |
| 100 ## - MAIN ENTRY--PERSONAL NAME |
| Personal name |
Kessel, Reuben A. |
| 245 ## - TITLE STATEMENT |
| Title |
The cyclical behavior of the term structure of interest rates |
| Statement of responsibility, etc. |
by Reuben A. Kessel |
| 260 ## - PUBLICATION, DISTRIBUTION, ETC. |
| Place of publication, distribution, etc. |
New York |
| Name of publisher, distributor, etc. |
National Bureau of Economic Research |
| Date of publication, distribution, etc. |
1965 |
| 300 ## - PHYSICAL DESCRIPTION |
| Extent |
113p. |
| 440 ## - SERIES STATEMENT/ADDED ENTRY--TITLE |
| Title |
National Bureau of Economic Research Occasional Paper, 91 |
| 650 ## - SUBJECT ADDED ENTRY--TOPICAL TERM |
| Topical term or geographic name entry element |
Interest Rates - U.S.A. |